Los caminos de la libertad : 3. Con la muerte en el alma

שמור ב:
מידע ביבליוגרפי
מחבר ראשי: Sartre, Jean - Paul
פורמט: ספר
שפה:Undetermined
יצא לאור: Madrid, España Alianza Editorial 1983
נושאים:
תגים: הוספת תג
אין תגיות, היה/י הראשונ/ה לתייג את הרשומה!

MARC

LEADER 00000nam a2200000Ia 4500
008 170316s9999 xx 000 0 und d
040 |a cru BVZT 
090 |a 840 S-10ca v.3 
100 |a Sartre, Jean - Paul 
245 |a Los caminos de la libertad : 3. Con la muerte en el alma 
260 |a Madrid, España 
260 |b Alianza Editorial 
260 |c 1983 
300 |a 375 páginas 
650 |a LITERATURA FRANCESA 
650 |a NARRATIVA 
999 |c 7957  |d 7957 
942 |c 15 D  |h 840 S-10ca v.3  |2 z